| 000 | 00780nam a22002657a 4500 | ||
|---|---|---|---|
| 003 | CHAP | ||
| 005 | 20220329134822.0 | ||
| 008 | 971013s1986 r 10010 d | ||
| 010 | _a26442 | ||
| 011 | _a27414 | ||
| 035 | _a31515 | ||
| 040 | _cCHAP | ||
| 090 | _aFolleto 9041 (1986) | ||
| 111 | 0 | 0 |
_aConferencia Regional de la FAO para Europa ( _n15 _d: 1986 _c: Estambul) _926600 |
| 245 | _aReport | ||
| 260 |
_aRome : _bFAO, _c1986 |
||
| 300 | _ac.a. 32 p. | ||
| 590 |
_aBATCH-UPD _b10 _c20130110 _lUCH01 _h0058 |
||
| 590 |
_aBATCH-UPD _b10 _c20130110 _lUCH01 _h1156 |
||
| 590 |
_aCONVERSION _b10 _c20130109 _lUCH01 _h1315 |
||
| 650 | 1 | 4 |
_aAgricultura _xEuropa _zEuropa. _9175388 |
| 901 | _aBK | ||
| 942 | _cFOLL | ||
| 949 |
_aFolleto 9041 (1986) _bBC _cFAO _d-72818 _eFAO1 _i31515 _mD _si |
||
| 999 |
_c26442 _d26442 |
||